000 00744nam a22001337a 4500
040 _cNUST
082 _a515.625,TRI
100 _aTrivedi, SD
_9103307
245 _aComprehensive Differential Equations /
_cSD Trivedi
260 _aNew Delhi
_bDominant Pub.
_c2003
300 _a302 p.;
505 _aAn Introduction to Differential Equations (Page-10, Differential Equations of First Order and First Degree (Page-370, Differential Equations of First Order not of first Degree (Page-98), Applications of First order Differential and Pi card's Method (Page-121),Linear Equations (Page-140), Methods of Variation of Parameters and Undermined Coefficients (Page-203), Linear Equations of Second Order (Page-237).
942 _2ddc
_cBK
_k515.625,TRI
999 _c592458
_d592458